000 01116cab a2200325 4500
001 ABS50722
008 090401t1994 xxu||||| |||| 00| 0 eng d
035 _a(Sirsi) u23661
041 _aeng
100 _aBlack, J. S.
245 _aFootball stadia developments: land-use policy and planning controls
260 _c1994
350 _a0
490 _aTown Planning Review
_v65(1) January 1994, 1-19(18)
520 _aAddresses the planning problems encountered by football clubs in attempting to comply with the Taylor Inquiry recommendations, particularly where existing land-use policies would be infringed by the required development of all-seater stadia.
650 _aARSENAL FOOTBALL CLUB
650 _aFOOTBALL STADIA
650 _aMILLWALL FOOTBALL CLUB
650 _aPLANNING CONTROL
650 _aPLANNING ISSUES
650 _aRELOCATION
650 _aSOUTHAMPTON FOOTBALL CLUB
650 _aSPORTS STADIA
650 _aTAYLOR INQUIRY
690 _aLEISURE AND RECREATION
690 _aPLANNING LAW AND PRACTICE
700 _aLloyd, M. G.
942 _n0
948 _c04/03/1997
999 _c15835
_d15835